|
|
|
|
| LEADER |
01486nam a2200361 a 4500 |
| 001 |
34707 |
| 003 |
BD-DhAAL |
| 005 |
20190717124602.0 |
| 008 |
190521t20042002enka bd 001 0 eng d |
| 999 |
|
|
|c 40778
|d 40778
|
| 010 |
|
|
|a 2001054276
|
| 020 |
|
|
|a 0826477763
|
| 020 |
|
|
|a 9780826477767
|
| 020 |
|
|
|a 0826456405
|
| 040 |
|
|
|a DLC
|c DLC
|d DLC
|d BD-DhAAL
|
| 043 |
|
|
|a e-uk-en
|
| 050 |
0 |
0 |
|a PR3095
|b .R53 2002
|
| 082 |
0 |
0 |
|a 792.95
|2 21
|
| 100 |
1 |
|
|a Richmond, Hugh Macrae
|9 31708
|
| 245 |
1 |
0 |
|a Shakespeare's theatre :
|b a dictionary of his stage context /
|c Hugh Macrae Richmond.
|
| 260 |
|
|
|a London ;
|a New York :
|b Continuum,
|c c2004
|
| 300 |
|
|
|a ix, 570 pages :
|b illustrations ;
|c 24 cm.
|
| 490 |
|
|
|a Athlone Shakespeare dictionary series
|
| 504 |
|
|
|a Includes bibliographical references (pages 511-552) and index.
|
| 526 |
|
|
|a ENH
|
| 541 |
|
|
|a Trim Education
|e 34707
|
| 600 |
1 |
0 |
|a Shakespeare, William,
|d 1564-1616
|x Stage history
|y To 1625
|v Dictionaries.
|9 31710
|
| 600 |
1 |
0 |
|a Shakespeare, William,
|d 1564-1616
|x Dramatic production
|v Dictionaries.
|9 31711
|
| 650 |
|
0 |
|a Theater
|z England
|x History
|y 16th century
|v Dictionaries.
|9 31712
|
| 650 |
|
0 |
|a Theater
|z England
|x History
|y 17th century
|v Dictionaries.
|9 31713
|
| 852 |
|
|
|a Ayesha Abed Library
|c General Stacks
|
| 942 |
|
|
|2 ddc
|c BK
|
| 952 |
|
|
|0 0
|1 0
|2 ddc
|4 0
|6 792_950000000000000_RIC
|7 0
|9 65518
|a BRACUL
|b BRACUL
|c GEN
|d 2019-05-19
|e Trim Education
|g 6470.00
|l 2
|m 1
|o 792.95 RIC
|p 3010034707
|r 2025-02-13
|s 2025-02-11
|t 1
|v 6470.00
|w 2019-05-19
|y BK
|